কৃষ্ণপক্ষ পেরিয়ে / (Record no. 48510)
[ view plain ]
| 000 -LEADER | |
|---|---|
| fixed length control field | 00791nam a2200229 a 4500 |
| 001 - CONTROL NUMBER | |
| control field | 48510 |
| 003 - CONTROL NUMBER IDENTIFIER | |
| rucl marc code | BD-RjUL |
| 005 - DATE AND TIME OF LATEST TRANSACTION | |
| control field | 20211209054533.0 |
| 008 - FIXED-LENGTH DATA ELEMENTS--GENERAL INFORMATION | |
| fixed length control field | 160814s2009 bg |||| ||| 000 0 ben d |
| 020 ## - INTERNATIONAL STANDARD BOOK NUMBER | |
| International Standard Book Number | 9847012600637 |
| Terms of availability | : Tk. 100.00 |
| 035 ## - SYSTEM CONTROL NUMBER | |
| System control number | (BD-RjUL)48629 |
| 040 ## - CATALOGING SOURCE | |
| Original cataloging agency | BD-RjUL |
| Language of cataloging | ben |
| Transcribing agency | BD-RjUL |
| Modifying agency | BD-RjUL |
| 041 ## - LANGUAGE CODE | |
| Language code of text/sound track or separate title | ben |
| 082 ## - DEWEY DECIMAL CLASSIFICATION NUMBER | |
| Edition number | 23 |
| Classification number | 891.443 |
| Author mark and year | ASK 2009 |
| 100 10 - MAIN ENTRY--PERSONAL NAME | |
| Personal name | আসাদ, রেবেকা |
| 9 (RLIN) | 146647 |
| 245 10 - TITLE STATEMENT | |
| Title | কৃষ্ণপক্ষ পেরিয়ে / |
| Statement of responsibility, etc. | রেবেকা আসাদ |
| 260 ## - PUBLICATION, DISTRIBUTION, ETC. (IMPRINT) | |
| Place of publication, distribution, etc. | খুলনা : |
| Name of publisher, distributor, etc. | গাঙচিল প্রকাশন, |
| Date of publication, distribution, etc. | ২০০৯ |
| 300 ## - PHYSICAL DESCRIPTION | |
| Pagination | ৮০ পৃ. ; |
| Size | ২১ সেমি. |
| 650 ## - SUBJECT ADDED ENTRY--TOPICAL TERM | |
| Topical term or geographic name as entry element | বাংলা ছোটগল্প |
| 9 (RLIN) | 146648 |
| Topical term or geographic name as entry element | Bengali Short stories |
| 9 (RLIN) | 146649 |
| 942 ## - ADDED ENTRY ELEMENTS (KOHA) | |
| Source of classification or shelving scheme | Dewey Decimal Classification |
| Koha item type | Books |
| Lost status | Source of classification or shelving scheme | Damaged status | Not for loan | Collection code | Permanent Location | Current Location | Shelving location | Date acquired | Source of acquisition | Cost, normal purchase price | Total Checkouts | Full call number | Date last seen | Copy number | Koha item type |
|---|---|---|---|---|---|---|---|---|---|---|---|---|---|---|---|
| Dewey Decimal Classification | Fiction | Central Library, University of Rajshahi | Central Library, University of Rajshahi | 10/11/2009 | Author | 57.00 | B 891.443 ASK 2009 | 14/08/2016 | C-2 | Books | |||||
| Dewey Decimal Classification | Not For Loan | Fiction | Central Library, University of Rajshahi | Central Library, University of Rajshahi | Reading Room | 10/11/2009 | Lekhok, Rajshahi | 270.00 | B 891.443 ASK 2009 | 02/02/2017 | C-1 | Books |